| 000 | 00844cam a2200133 4500500 | ||
|---|---|---|---|
| 005 | 20260329023243.0 | ||
| 041 | _afre | ||
| 042 | _adc | ||
| 100 | 1 | 0 |
_aFrance, Jérôme _eauthor |
| 245 | 0 | 0 | _aLe Haut-Empire romain : 44 a. C.-235 p. C. |
| 260 |
_bArmand Colin,
_c2013. |
||
| 520 | _aCette synthèse, deuxième opus du panorama de la Rome antique, propose un outil de travail méthodologique et inédit qui répond parfaitement aux besoins spécifiques des étudiants. Jérôme France propose un véritable complément aux cours et aux manuels de référence accompagné d'un choix de documents les plus significatifs, de plans de dissertation, d'une chronologie, d'un glossaire et de sources livresques et informatiques. | ||
| 856 | 4 | 1 | _uhttps://shs.cairn.info/le-haut-empire-romain--9782200286583?lang=fr&redirect-ssocas=7080 |
| 999 |
_c1925831 _d1925831 |
||